Are You Smarter Than a College Student? VII Quiz Stats

 Plays Quiz Updated Oct 9, 2018

Score 0/30 Timer 07:00
44 Plays Today
Question Answer % Correct
EasyGeorge Washington
97.1%
Easyeight
96.9%
EasyMadonna
93.7%
Easygreen
91.1%
EasyTwo and a Half Men
89%
EasyAssassination by shooting
88.8%
EasyMandarin Chinese
84.4%
EasyToy Story
81.3%
EasyAlbany
79.5%
EasyLake Superior
79.5%
Mediumscurvy
79.2%
MediumEdward or Jacob
77.7%
MediumPeanuts
76.2%
Mediumsupply and demand
75.9%
MediumSweden
74.5%
Question Answer % Correct
Mediumpercussion
74%
MediumTexas and Arizona
73.6%
MediumEngland, Wales and Scotland
72.3%
Mediumfifty
71.6%
MediumNew Zealand
68.7%
HardMing
63.8%
Hardspring
59.7%
HardIceland
57.6%
HardEngland and France
57.5%
Hard54
56.2%
HardBelgium
55.9%
Hardcentral processing unit
53.1%
Hardthe flop
43.8%
Hardhood and truck
38.2%
HardOil
34.7%

You're not logged in!

Compare scores with friends on all Sporcle quizzes.
OR
Log In

You Might Also Like...

Show Comments

Extras

Top Quizzes Today


Score Distribution

Your Account Isn't Verified!

In order to create a playlist on Sporcle, you need to verify the email address you used during registration. Go to your Sporcle Settings to finish the process.

Report this User

Report this user for behavior that violates our Community Guidelines.

Details: